Statistiques concernant Les pays ayant 5 lettres

Cliquez ici pour prendre le quiz!

Statistiques générales

  • Ce quiz a été pris 20 445 fois
  • Le résultat moyen est 15 sur 25

Statistiques - réponses

ContinentPays% Correct
AsieChine
90%
Amérique du SudChili
84%
Amérique du SudPérou
82%
AsieJapon
76%
AfriqueMaroc
75%
AfriqueLibye
66%
EuropeMalte
64%
OceanieFidji
63%
EuropeGrèce
63%
EuropeSuède
62%
Amérique du NordHaïti
60%
AsieLiban
59%
AfriqueGhana
59%
AfriqueBénin
58%
AfriqueNiger
58%
AsieNépal
56%
AfriqueGabon
56%
OceanieTonga
56%
AsieSyrie
55%
AfriqueTchad
54%
AsieYémen
53%
OceanieSamoa
53%
AfriqueKenya
50%
AsieQatar
49%
OceanieNauru
48%

Distribution des résultats

Percentile par nombre de réponses

% des personnes avec chaque résultat

Votre développement - résultats

Vous n’avez pas pris ce quiz